Matières Harry Potter - Statistiques

Statistiques générales
  • Ce quiz a été pris 63 fois
  • Le résultat moyen est 10 sur 13
Statistiques - réponses
Hint Réponse % Correct
4 potions
96%
11 métamorphose
86%
9 sortilèges
86%
6 vol
82%
7 divination
80%
12 défense contre les forces du mal
76%
5 botanique
74%
3 soins aux créatures magiques
74%
2 astronomie
72%
8 histoire de la magie
68%
10 arithmancie
64%
1 étude des moldus
62%
13 étude des runes
60%
Aucun quiz correspondant
Distribution des résultats
% des personnes avec chaque résultat
Percentile par nombre de réponses
Votre historique - résultats
Vous n’avez pas pris ce quiz